00659nam a2200217Ia 4500003000400000005001700004008004100021020001500062040001800077041000800095082002200103100002100125245011400146250001200260260005000272300002600322650001600348650002900364700002700393700002100420OSt20220204100421.0210716s1987 xx 000 0 und d a0314284885 cAIMIT LIBRARY aeng a658.4 22ndbDAFR aDaft, Richard L. aOrganization theory:bcases and applications /cBy Richard L Daft, Kristen D. Skivington and Mark P. Sharfman a2nd ed. aNew York :bWest publishing company ,c1987 . axxviii,338p. ;c25cm. aEnvironment aOrganizations as systems aSkivington, Kristen D. aSharfman Mark P.